000 00485pab a2200169 454500
008 180718b2013 xxu||||| |||| 00| 0 eng d
100 _aSheikh, Abdullah Zafar
245 _aThe implications of pay - rolling agency systems for worker's statutory rights in Pakistan
260 _c2013
300 _ap.371-389.
362 _aApr
650 _aEmployment services - Pakistan
650 _aEmployment services
773 _aJournal of Social Policy
908 _aN
909 _a99062
999 _c99061
_d99061